[Event "Passau op 7th"]
[Site "Passau"]
[Date "1999.04.02"]
[Round "1"]
[White "Goemann, Jens"]
[Black "Skopetz, Friedrich"]
[Result "1-0"]
[WhiteElo "2162"]
[BlackElo "1705"]
[PlyCount "71"]
[EventDate "1999.04.02"]
[EventType "swiss"]
[EventRounds "7"]
[EventCountry "GER"]
[SourceTitle "EXT 2000"]
[Source "ChessBase"]
[SourceDate "1999.11.16"]
[SourceVersion "1"]
[SourceVersionDate "1999.11.16"]
[SourceQuality "1"]

1. c4 e6 2. Nf3 d5 3. g3 Nf6 4. Bg2 dxc4 5. Qa4+ Bd7 6. Qxc4 Bc6 7. 0-0 Bd5 8. Qa4+ Bc6 9. Qd1 Nbd7 10. d4 Be7 11. Nc3 0-0 12. Qd3 b6 13. Rd1 Bb7 14. e4 c6 15. Bf4 Nh5 16. Be3 Nhf6 17. Rac1 Rc8 18. h3 Nb8 19. Qb1 Bb4 20. a3 Bxc3 21. bxc3 Qe7 22. a4 c5 23. e5 Nd5 24. Ng5 g6 25. Bd2 f6 26. Ne4 fxe5 27. dxe5 Bc6 28. Bh6 Rf5 29. c4 Nb4 30. f4 Rd8 31. Nf6+ Kh8 32. g4 Rxf6 33. exf6 Qe8 34. Rxd8 Qxd8 35. Rd1 Nd7 36. f7 1-0